KOHA-Header-6

The Basic Practice of Statistics (Record no. 1038)

000 -LEADER
fixed length control field 00309nam a2200121Ia 4500
008 - FIXED-LENGTH DATA ELEMENTS--GENERAL INFORMATION
fixed length control field 190722s9999 xx 000 0 und d
020 ## - INTERNATIONAL STANDARD BOOK NUMBER
International Standard Book Number 978-0-333-42791-0
100 ## - MAIN ENTRY--PERSONAL NAME
Personal name David S.Moore
245 #4 - TITLE STATEMENT
Title The Basic Practice of Statistics
260 ## - PUBLICATION, DISTRIBUTION, ETC. (IMPRINT)
Place of publication, distribution, etc U.S.A
Name of publisher, distributor, etc Palgrave Macmillan
Date of publication, distribution, etc 2015
300 ## - PHYSICAL DESCRIPTION
Extent 628
942 ## - ADDED ENTRY ELEMENTS (KOHA)
Koha item type Books
Holdings
Withdrawn status Lost status Source of classification or shelving scheme Damaged status Not for loan Collection code Permanent Location Current Location Shelving location Date acquired Full call number Barcode Date last seen Price effective from Koha item type
          Statistics MAJU MAJU Shelf No.A27 2019-07-22 510.9 7663 2019-07-22 2019-07-22 Statistics

Powered by Koha